| 000 | 00798nam a2200241 a 4500 | ||
|---|---|---|---|
| 005 | 20230624063911.0 | ||
| 008 | 030227s1996 mx r 000 0 spa d | ||
| 020 | _a8470438700 | ||
| 035 | _aUPN01000122268 | ||
| 049 | _aCG | ||
| 050 | 4 |
_aLB1026 _bS3.3 1996 |
|
| 100 | 1 |
_aSevillano García, María Luisa _930009 |
|
| 245 | 1 | 0 |
_aEnseñar y aprender con la prensa : _bfichas y modelos de trabajo / _cMaría Luisa Sevillano, Donaciano Bartolomé. |
| 250 | _a2a ed. | ||
| 260 |
_aMadrid : _bCCS, _c1996. |
||
| 300 | _a208 p. | ||
| 440 | 0 |
_aMateriales para educadores ; _v17 |
|
| 650 | 4 |
_aEducación _xMétodos experimentales _95868 |
|
| 650 | 4 |
_aProceso enseñanza-aprendizaje _942 |
|
| 650 | 4 |
_aMedios masivos de comunicación _99547 |
|
| 700 | 1 |
_aBartolomé, Donaciano, _ecoaut. |
|
| 905 | _aLibro | ||
| 999 |
_c94465 _d94465 |
||